Correuption: (Record no. 213831)

MARC details
000 -LEADER
fixed length control field 00603nam a22001937a 4500
005 - DATE AND TIME OF LATEST TRANSACTION
control field 20251203152428.0
010 ## - LCCN (DPL NO)
LC control number ENG-147223
020 ## - INTERNATIONAL STANDARD BOOK NUMBER
International Standard Book Number 9788194720348
Terms of availability 499.00
035 ## - SYSTEM CONTROL NUMBER
System control number EN-130755
037 ## - SOURCE OF ACQUISITION
Source of stock number/acquisition DBAD
082 ## - DEWEY DECIMAL CLASSIFICATION NUMBER
Classification number 330.440954
Edition number 1
100 ## - MAIN ENTRY--PERSONAL NAME
Personal name Punya Shailaja
245 ## - TITLE STATEMENT
Title Correuption:
Remainder of title As An Obstacle Towards Development/
Statement of responsibility, etc Punya Shailaja
250 ## - EDITION STATEMENT
Edition statement 1
260 ## - PUBLICATION, DISTRIBUTION, ETC. (IMPRINT)
Name of publisher, distributor, etc Desh Vikas Publications
Date of publication, distribution, etc 2021
Place of publication, distribution, etc Andhra Pradesh
270 ## - ADDRESS
Address D. No. 1-43-19, Adarsha Nagar, Peda Waltair, Vishkhapatnam,
300 ## - PHYSICAL DESCRIPTION
Extent xii, 252p.
Dimensions 24cm(pb)
942 ## - ADDED ENTRY ELEMENTS (KOHA)
Source of classification or shelving scheme Dewey Decimal Classification
Item type English Books
Classification part 330.440954
Call number suffix SHA
Holdings
Withdrawn status Lost status Not for loan Collection code Home library Current library Date acquired Source of acquisition Cost, normal purchase price Full call number Barcode Copy number Cost, replacement price Koha item type
      Non-fiction Mobile Library Mobile Library 03/12/2025 Delivery of Books Act Division 499.00 330.440954 SHA EN-130755 1 499.00 English Books

© Delhi Public Library
Hit Counter
free hit counter